000
00208 a2200097 4500
001
1934
100
_a
Bulmer, M.G.
245
_a
Principles and Statistics
260
_a
_b
Oliver& Boyd
_c
090
_c
1432
_d
1432
942
_a
NUST-CAE
_c
M
_c
4803
999
_c
237007
_d
237007